[Event "Montcalm I 2001-02"]
[Site "Quebec CAN"]
[Date "2001.10.04"]
[Round "4"]
[White "Papineau (Granby), Daniel"]
[Black "Auger, Bertrand"]
[Result "1/2-1/2"]
[WhiteElo "1894"]
[BlackElo "2070"]
[PlyCount "105"]
[GameId "2160767911485276"]
[EventDate "2001.09.13"]
[EventType "swiss"]
[EventRounds "5"]
[EventCountry "CAN"]

1. d4 e6 2. c4 d5 3. Nc3 Nf6 4. Bg5 Nbd7 5. e3 c6 6. Nf3 Qa5 7. Nd2 Bb4 8. Qc2 Ne4 9. Ndxe4 dxe4 10. Bf4 e5 11. Bg3 O-O 12. Be2 exd4 13. exd4 Nf6 14. O-O Re8 15. a3 Bf8 16. Be5 Nd7 17. Bf4 Qf5 18. Be3 Nf6 19. Rad1 Ng4 20. b4 Bd6 21. Bxg4 Qxg4 22. d5 Qh5 23. g3 Bh3 24. Qe2 Bg4 25. f3 exf3 26. Qf2 Be5 27. Ne4 h6 28. d6 Qg6 29. Nc5 Bxd6 30. Nxb7 Bc7 31. Rfe1 Rab8 32. Nc5 Bb6 33. Rd2 Re7 34. Nd3 Rbe8 35. Bxb6 axb6 36. Rxe7 Rxe7 37. Qxb6 Qe4 38. Qb8+ Re8 39. Qf4 Qe6 40. h3 Bxh3 41. Qxf3 Bf5 42. Kh2 Be4 43. Qe3 Qg4 44. Nf2 Qh5+ 45. Kg1 f5 46. Nxe4 Rxe4 47. Qf2 Qg5 48. Rd3 Qe7 49. Qxf5 Re1+ 50. Kg2 Qe2+ 51. Qf2 Qxd3 52. Qxe1 Qxc4 53. Qe3 1/2-1/2

[Event "Montcalm I 2001-02"]
[Site "Quebec CAN"]
[Date "2001.10.04"]
[Round "4"]
[White "Perreault, Jacquelin"]
[Black "Plante, Rejean"]
[Result "0-1"]
[WhiteElo "1894"]
[BlackElo "2150"]
[PlyCount "44"]
[GameId "2160767911485277"]
[EventDate "2001.09.13"]
[EventType "swiss"]
[EventRounds "5"]
[EventCountry "CAN"]
[SourceTitle "EXT 2009"]
[Source "ChessBase"]
[SourceDate "2008.11.26"]
[SourceVersion "1"]
[SourceVersionDate "2008.11.26"]
[SourceQuality "1"]

1. e4 c5 2. Nf3 e6 3. d4 cxd4 4. Nxd4 a6 5. Bd3 Nf6 6. Nc3 Qc7 7. O-O b5 8. e5 Qxe5 9. Qf3 d5 10. Bxb5+ axb5 11. Ndxb5 Na6 12. Bf4 Qh5 13. Qd3 Qg6 14. Qd4 Bc5 15. Nd6+ Ke7 16. Nxc8+ Rhxc8 17. Qa4 Nb4 18. Qb5 Nh5 19. Qb7+ Kf8 20. Bc7 Na6 21. Qc6 Be7 22. Nxd5 exd5 0-1

[Event "Montcalm I 2001-02"]
[Site "Quebec CAN"]
[Date "2001.10.11"]
[Round "5"]
[White "Auger, Bertrand"]
[Black "Martineau, Michel"]
[Result "1/2-1/2"]
[WhiteElo "2070"]
[BlackElo "1884"]
[PlyCount "80"]
[GameId "2160767911485278"]
[EventDate "2001.09.13"]
[EventType "swiss"]
[EventRounds "5"]
[EventCountry "CAN"]
[SourceTitle "EXT 2009"]
[Source "ChessBase"]
[SourceDate "2008.11.26"]
[SourceVersion "1"]
[SourceVersionDate "2008.11.26"]
[SourceQuality "1"]

1. g3 g6 2. c4 Bg7 3. Nc3 e5 4. Bg2 d6 5. d3 f5 6. e3 Nf6 7. Nge2 O-O 8. O-O c6 9. e4 Be6 10. b3 Nbd7 11. h3 Nh5 12. d4 f4 13. d5 f3 14. dxe6 fxg2 15. Kxg2 Nc5 16. Ba3 Nxe6 17. Bxd6 Rf7 18. c5 Qg5 19. Rc1 Nhf4+ 20. Nxf4 exf4 21. Qg4 Re8 22. Qxg5 Nxg5 23. f3 fxg3 24. Ne2 Ne6 25. Rcd1 Bh6 26. Rd3 Rd8 27. Rfd1 Rfd7 28. Kxg3 Rf7 29. h4 Rdd7 30. f4 Bg7 31. b4 Bf8 32. Nd4 Ng7 33. Be5 Nh5+ 34. Kf3 Rde7 35. Bd6 Re8 36. Ne2 Bh6 37. Ke3 Nf6 38. Nc3 Nh5 39. Ne2 Nf6 40. Nc3 Nh5 1/2-1/2

[Event "Montcalm I 2001-02"]
[Site "Quebec CAN"]
[Date "2001.10.11"]
[Round "5"]
[White "Myre, Eric"]
[Black "Dion, Jean-Francois"]
[Result "1-0"]
[WhiteElo "1868"]
[BlackElo "1713"]
[PlyCount "145"]
[GameId "2160767911485279"]
[EventDate "2001.09.13"]
[EventType "swiss"]
[EventRounds "5"]
[EventCountry "CAN"]
[SourceTitle "EXT 2009"]
[Source "ChessBase"]
[SourceDate "2008.11.26"]
[SourceVersion "1"]
[SourceVersionDate "2008.11.26"]
[SourceQuality "1"]

1. d4 Nf6 2. c4 g6 3. Nc3 Bg7 4. e4 d6 5. Nge2 O-O 6. Ng3 e5 7. d5 Nbd7 8. Be2 a5 9. h4 h6 10. h5 g5 11. Be3 Nc5 12. O-O Nh7 13. Bxc5 dxc5 14. Bg4 Nf6 15. Bxc8 Rxc8 16. Nf5 Ne8 17. Nb5 Nd6 18. Nbxd6 cxd6 19. g4 Ra8 20. Qa4 Qc7 21. Rfc1 Rfb8 22. Rc3 b5 23. cxb5 Bf8 24. f3 Rb6 25. Ne3 Rab8 26. Qxa5 Qb7 27. Qa4 Rxb5 28. b3 Ra8 29. Qc4 Rb4 30. Qf1 Kh7 31. Rc4 Rb5 32. Qc1 Rba5 33. Qc2 Qa7 34. a4 Rb8 35. Nf1 Be7 36. Kg2 Rb4 37. Nd2 Bd8 38. Rxb4 cxb4 39. Nc4 Rc5 40. Qd2 Ba5 41. Qf2 Qc7 42. Ra2 Bb6 43. Qd2 Ba5 44. Rc2 Kg7 45. Kf1 Kh7 46. Ke2 Kg7 47. Kd1 Kh7 48. Qe3 Kg7 49. Qc1 Qa7 50. Nxd6 Rc3 51. Rxc3 bxc3 52. Nc4 Bb4 53. Kc2 Qf2+ 54. Kb1 Qxf3 55. Qc2 Qxg4 56. Nxe5 Qxh5 57. Nc6 Bf8 58. Qxc3+ f6 59. Nd4 Qh1+ 60. Ka2 Qh2+ 61. Kb1 Bd6 62. Nf5+ Kg6 63. Nxd6 Qxd6 64. Kb2 h5 65. Qd3 Qe5+ 66. Ka3 h4 67. a5 g4 68. a6 h3 69. d6 h2 70. d7 h1=Q 71. d8=Q Qha1+ 72. Kb4 Qaa5+ 73. Qxa5 1-0

[Event "Montcalm I 2001-02"]
[Site "Quebec CAN"]
[Date "2001.10.11"]
[Round "5"]
[White "Plante, Rejean"]
[Black "Audet-Bouchard, Nicolas"]
[Result "1-0"]
[WhiteElo "2153"]
[BlackElo "2034"]
[PlyCount "61"]
[GameId "2160767911485280"]
[EventDate "2001.09.13"]
[EventType "swiss"]
[EventRounds "5"]
[EventCountry "CAN"]
[SourceTitle "EXT 2009"]
[Source "ChessBase"]
[SourceDate "2008.11.26"]
[SourceVersion "1"]
[SourceVersionDate "2008.11.26"]
[SourceQuality "1"]

1. d4 Nf6 2. c4 e6 3. g3 c5 4. Nf3 cxd4 5. Nxd4 d5 6. Bg2 Nc6 7. Nc3 Qb6 8. Nxc6 bxc6 9. O-O Be7 10. cxd5 Nxd5 11. Na4 Qb5 12. e4 Nb4 13. Be3 O-O 14. a3 Nd3 15. Qc2 Ba6 16. Rfd1 Rfd8 17. Bf1 Bf6 18. Rac1 h6 19. Nc5 Qxb2 20. Bxd3 Bxd3 21. Rxd3 Rxd3 22. Nxd3 Qxa3 23. e5 Be7 24. Bc5 Bxc5 25. Nxc5 a5 26. Qc3 Qa2 27. Ne4 Rc8 28. Nd6 Rc7 29. Ra1 Qd5 30. Qxa5 Qxa5 31. Rxa5 1-0

[Event "Montcalm II 2001-02"]
[Site "Quebec CAN"]
[Date "2001.10.18"]
[Round "1"]
[White "Auger, Bertrand"]
[Black "Papineau (Granby), Daniel"]
[Result "0-1"]
[WhiteElo "2070"]
[BlackElo "1894"]
[PlyCount "90"]
[GameId "2160767911485043"]
[EventDate "2001.10.18"]
[EventType "tourn"]
[EventRounds "5"]
[EventCountry "CAN"]

1. g3 d5 2. Bg2 f5 3. Nf3 Nf6 4. b3 e6 5. O-O c6 6. c4 Bd6 7. d4 O-O 8. Bb2 Qe8 9. Nbd2 Nbd7 10. Ne5 Qh5 11. e3 Qh6 12. Qe2 g5 13. f3 g4 14. f4 Qg7 15. a3 h5 16. b4 Be7 17. Rfe1 h4 18. b5 Nxe5 19. dxe5 Nh5 20. Kf2 Qh6 21. Nf1 Bd7 22. a4 Bc5 23. Bd4 Bxd4 24. exd4 Rf7 25. Qe3 Raf8 26. Nd2 Rh7 27. Reb1 Be8 28. Rc1 Qg7 29. Nb3 Qe7 30. Na5 hxg3+ 31. hxg3 Qd8 32. Nb3 dxc4 33. Nc5 Qe7 34. bxc6 Bxc6 35. Bxc6 bxc6 36. Rab1 Nxg3 37. Qxg3 Rh3 38. Qxh3 gxh3 39. Rg1+ Kh8 40. Rg3 Qh4 41. Nxe6 Rg8 42. Ng5 Qxf4+ 43. Rf3 Qd2+ 44. Kf1 Qg2+ 45. Ke1 Rxg5 0-1

[Event "Montcalm II 2001-02"]
[Site "Quebec CAN"]
[Date "2001.10.18"]
[Round "1"]
[White "Boudreau, Daniel"]
[Black "Sauve, Richard"]
[Result "1/2-1/2"]
[WhiteElo "2016"]
[BlackElo "1899"]
[PlyCount "63"]
[GameId "2160767911485044"]
[EventDate "2001.10.18"]
[EventType "tourn"]
[EventRounds "5"]
[EventCountry "CAN"]
[SourceTitle "EXT 2009"]
[Source "ChessBase"]
[SourceDate "2008.11.26"]
[SourceVersion "1"]
[SourceVersionDate "2008.11.26"]
[SourceQuality "1"]

1. e4 e6 2. d4 d5 3. e5 c5 4. c3 Qb6 5. Nf3 Nc6 6. Bd3 cxd4 7. cxd4 Bd7 8. O-O Nxd4 9. Nxd4 Qxd4 10. Qe2 f6 11. exf6 Nxf6 12. Nc3 a6 13. Rd1 Qh4 14. Bf5 Kf7 15. Bh3 Bc5 16. Be3 Bxe3 17. fxe3 Bc6 18. Rf1 Rhf8 19. Rf4 Qg5 20. Raf1 Qe5 21. Qd3 Kg8 22. Qd4 Qd6 23. Rxf6 Rxf6 24. Rxf6 gxf6 25. Qxf6 Re8 26. Qg5+ Kf8 27. Qf6+ Kg8 28. Qg5+ Kf7 29. Bg4 Qe7 30. Bh5+ Kf8 31. Qf4+ Kg8 32. Bxe8 1/2-1/2

[Event "Montcalm II 2001-02"]
[Site "Quebec CAN"]
[Date "2001.10.18"]
[Round "1"]
[White "Bourassa, Andre"]
[Black "Daigle, Robert"]
[Result "1-0"]
[WhiteElo "1584"]
[BlackElo "1460"]
[PlyCount "53"]
[GameId "2160767911485045"]
[EventDate "2001.10.18"]
[EventType "tourn"]
[EventRounds "5"]
[EventCountry "CAN"]

1. d4 d5 2. c4 c6 3. Nf3 Bf5 4. Nc3 a6 5. cxd5 cxd5 6. Qb3 b5 7. Qxd5 Qxd5 8. Nxd5 Ra7 9. Bf4 Nc6 10. Rc1 e6 11. Rxc6 exd5 12. Bd2 Nf6 13. e3 Be7 14. Be2 O-O 15. O-O Bd7 16. Rcc1 Ne4 17. Bd3 Bg4 18. Rfd1 Bxf3 19. gxf3 Ng5 20. Kg2 g6 21. Rc6 f5 22. Rdc1 Raa8 23. a3 Nf7 24. Bb1 Nd6 25. Bb4 Rfc8 26. Bxd6 Bxd6 27. Rxc8+ 1-0

[Event "Montcalm II 2001-02"]
[Site "Quebec CAN"]
[Date "2001.10.18"]
[Round "1"]
[White "Dion, Jean-Francois"]
[Black "Ouellet, Philippe"]
[Result "1-0"]
[WhiteElo "1713"]
[BlackElo "1649"]
[PlyCount "71"]
[GameId "2160767911485046"]
[EventDate "2001.10.18"]
[EventType "tourn"]
[EventRounds "5"]
[EventCountry "CAN"]
[SourceTitle "EXT 2009"]
[Source "ChessBase"]
[SourceDate "2008.11.26"]
[SourceVersion "1"]
[SourceVersionDate "2008.11.26"]
[SourceQuality "1"]

1. d4 Nf6 2. Nf3 b6 3. Bf4 Ba6 4. Nbd2 d5 5. c3 e6 6. Qa4+ Qd7 7. Qxd7+ Nbxd7 8. Bxc7 Rc8 9. Bg3 Nh5 10. a4 Be7 11. a5 b5 12. e3 g5 13. Be2 h6 14. O-O f5 15. Be5 Nhf6 16. Nb3 Kf7 17. Nfd2 Rhg8 18. h3 g4 19. hxg4 Nxe5 20. dxe5 Nxg4 21. Nf3 h5 22. Nbd4 h4 23. Bxb5 Bxb5 24. Nxb5 h3 25. Nxa7 Rc7 26. Nb5 Rb7 27. Nfd4 Nxe5 28. g3 Bc5 29. a6 Rbb8 30. b4 Bxd4 31. Nxd4 Nc4 32. a7 Rbe8 33. Nb5 e5 34. Nc7 Nxe3 35. fxe3 Rxg3+ 36. Kh1 1-0

[Event "Montcalm II 2001-02"]
[Site "Quebec CAN"]
[Date "2001.10.18"]
[Round "1"]
[White "Marquis, Paul"]
[Black "Poliquin, Yvone"]
[Result "1/2-1/2"]
[WhiteElo "1916"]
[BlackElo "1913"]
[PlyCount "63"]
[GameId "2160767911485047"]
[EventDate "2001.10.18"]
[EventType "tourn"]
[EventRounds "5"]
[EventCountry "CAN"]
[SourceTitle "EXT 2009"]
[Source "ChessBase"]
[SourceDate "2008.11.26"]
[SourceVersion "1"]
[SourceVersionDate "2008.11.26"]
[SourceQuality "1"]

1. d4 e5 2. dxe5 Nc6 3. Nf3 Qe7 4. Qd5 f6 5. exf6 Nxf6 6. Qb3 b6 7. Bg5 h6 8. Bxf6 Qxf6 9. a3 Bb7 10. Nc3 O-O-O 11. O-O-O Na5 12. Qa4 Bc6 13. Qd4 Qe6 14. e3 Be7 15. Nd5 Bxd5 16. Qxd5 Qxd5 17. Rxd5 c6 18. Rd4 Rhf8 19. Ba6+ Kc7 20. b4 Nb7 21. Rhd1 Nd6 22. Bd3 Nf7 23. Bf5 d6 24. e4 Bf6 25. R4d3 Ne5 26. Nxe5 Bxe5 27. g3 g5 28. c4 a6 29. Kc2 a5 30. Kb3 axb4 31. axb4 Ra8 32. R3d2 1/2-1/2

[Event "Montcalm II 2001-02"]
[Site "Quebec CAN"]
[Date "2001.10.25"]
[Round "2"]
[White "Auger, Bertrand"]
[Black "Boudreau, Daniel"]
[Result "1/2-1/2"]
[WhiteElo "2050"]
[BlackElo "2046"]
[PlyCount "77"]
[GameId "2160767911485048"]
[EventDate "2001.10.18"]
[EventType "tourn"]
[EventRounds "5"]
[EventCountry "CAN"]
[SourceTitle "EXT 2009"]
[Source "ChessBase"]
[SourceDate "2008.11.26"]
[SourceVersion "1"]
[SourceVersionDate "2008.11.26"]
[SourceQuality "1"]

1. d4 Nf6 2. g3 c5 3. Bg2 cxd4 4. Qxd4 g6 5. Nf3 Bg7 6. O-O O-O 7. c4 Nc6 8. Qh4 Qb6 9. Nc3 d6 10. b3 Bg4 11. Bh6 Bxf3 12. exf3 Qb4 13. Bxg7 Kxg7 14. Ne4 Nxe4 15. fxe4 a5 16. Qg5 e5 17. f4 f6 18. Qh4 Rf7 19. Rad1 Nd4 20. Kh1 a4 21. fxe5 dxe5 22. Rxd4 exd4 23. e5 fxe5 24. Rxf7+ Kxf7 25. Qxh7+ Kf6 26. h4 axb3 27. g4 Qxc4 28. g5+ Kf5 29. Qxb7 Qc1+ 30. Kh2 Qe3 31. Qxa8 b2 32. Qf8+ Kg4 33. Qc8+ Kxh4 34. Qh8+ Kxg5 35. Qd8+ Kh5 36. Qh8+ Kg5 37. Qd8+ Kf5 38. Qc8+ Kg5 39. Qd8+ 1/2-1/2

[Event "Montcalm II 2001-02"]
[Site "Quebec CAN"]
[Date "2001.10.25"]
[Round "2"]
[White "Bender, Karl"]
[Black "Bourassa, Andre"]
[Result "1/2-1/2"]
[WhiteElo "1618"]
[BlackElo "1584"]
[PlyCount "71"]
[GameId "2160767911485049"]
[EventDate "2001.10.18"]
[EventType "tourn"]
[EventRounds "5"]
[EventCountry "CAN"]

1. d4 d5 2. Nf3 c6 3. e3 Bf5 4. Bd3 g6 5. Nc3 Bxd3 6. Qxd3 Nf6 7. Bd2 Nbd7 8. h3 Qc7 9. Na4 e5 10. Nxe5 Nxe5 11. dxe5 Qxe5 12. Bc3 Qe6 13. Qd4 Be7 14. g4 Rg8 15. Nc5 Bxc5 16. Qxf6 Qxf6 17. Bxf6 Kd7 18. O-O-O Be7 19. Be5 f6 20. Bg3 Rad8 21. e4 Ke6 22. exd5+ Rxd5 23. Rhe1+ Kf7 24. Rxd5 cxd5 25. c3 Rd8 26. Rd1 Bd6 27. Bxd6 Rxd6 28. Kc2 Ke7 29. Kd3 Re6 30. Rd2 Kd6 31. c4 dxc4+ 32. Kxc4+ Kc7 33. b4 Re4+ 34. Kb3 Rf4 35. Re2 Rf3+ 36. Re3 1/2-1/2

[Event "Montcalm II 2001-02"]
[Site "Quebec CAN"]
[Date "2001.10.25"]
[Round "2"]
[White "Papineau, Daniel"]
[Black "Poliquin, Yvone"]
[Result "1-0"]
[WhiteElo "1886"]
[BlackElo "1902"]
[PlyCount "93"]
[GameId "2160767911485050"]
[EventDate "2001.10.18"]
[EventType "tourn"]
[EventRounds "5"]
[EventCountry "CAN"]
[SourceTitle "EXT 2009"]
[Source "ChessBase"]
[SourceDate "2008.11.26"]
[SourceVersion "1"]
[SourceVersionDate "2008.11.26"]
[SourceQuality "1"]

1. e4 d6 2. Nc3 Nf6 3. g3 e5 4. Bg2 c6 5. d4 exd4 6. Qxd4 Qb6 7. Nge2 Nbd7 8. O-O Be7 9. h3 O-O 10. a4 a5 11. Qxb6 Nxb6 12. b3 d5 13. Be3 Bd8 14. Rfd1 Be6 15. g4 Rc8 16. Kf1 Bc7 17. Nd4 Nxe4 18. Nxe4 dxe4 19. Bxe4 Nd5 20. Bxd5 cxd5 21. Nxe6 fxe6 22. Rac1 Bf4 23. Ke2 Bxe3 24. Kxe3 Rc3+ 25. Rd3 Rfc8 26. Kd2 R3c5 27. c3 e5 28. f3 d4 29. c4 g5 30. Re1 Kf7 31. Re4 R8c6 32. Re1 Rh6 33. Rh1 Rh4 34. Kc2 Rc6 35. Rd2 Rf6 36. Re2 d3+ 37. Kxd3 Rxf3+ 38. Re3 Rxe3+ 39. Kxe3 Rh6 40. Ke4 Rb6 41. Rf1+ Kg6 42. Rf3 Rd6 43. Rd3 Re6 44. Rd5 Rb6 45. Rb5 Rxb5 46. axb5 Kf6 47. Kd5 1-0

[Event "Montcalm II 2001-02"]
[Site "Quebec CAN"]
[Date "2001.10.25"]
[Round "2"]
[White "Pilote, Guillaume"]
[Black "Dion, Jean-Francois"]
[Result "1-0"]
[WhiteElo "1830"]
[BlackElo "1719"]
[PlyCount "67"]
[GameId "2160767911485051"]
[EventDate "2001.10.18"]
[EventType "tourn"]
[EventRounds "5"]
[EventCountry "CAN"]
[SourceTitle "EXT 2009"]
[Source "ChessBase"]
[SourceDate "2008.11.26"]
[SourceVersion "1"]
[SourceVersionDate "2008.11.26"]
[SourceQuality "1"]

1. e4 d6 2. d4 Nf6 3. Nc3 c6 4. f3 g6 5. Be3 Bg7 6. Qd2 O-O 7. g4 e5 8. O-O-O Qc7 9. Nge2 b5 10. h4 b4 11. Na4 Qa5 12. b3 Bd7 13. dxe5 dxe5 14. Kb1 Rd8 15. Nc5 Qc7 16. Ng3 a5 17. g5 Ne8 18. h5 Qc8 19. hxg6 hxg6 20. Qh2 Be6 21. Qh7+ Kf8 22. Nxe6+ fxe6 23. Rxd8 Qxd8 24. Bc4 Kf7 25. Rh6 Qd1+ 26. Kb2 Nd7 27. Qxg6+ Ke7 28. Qxe6+ Kd8 29. Rg6 Qxf3 30. Nf5 Bf8 31. Qxc6 Rb8 32. Be6 Qd1 33. Bd5 Nc5 34. Bxc5 1-0

[Event "Montcalm II 2001-02"]
[Site "Quebec CAN"]
[Date "2001.10.25"]
[Round "2"]
[White "Sauve, Richard"]
[Black "Marquis, Paul"]
[Result "1-0"]
[WhiteElo "1888"]
[BlackElo "1902"]
[PlyCount "49"]
[GameId "2160767911485052"]
[EventDate "2001.10.18"]
[EventType "tourn"]
[EventRounds "5"]
[EventCountry "CAN"]
[SourceTitle "EXT 2009"]
[Source "ChessBase"]
[SourceDate "2008.11.26"]
[SourceVersion "1"]
[SourceVersionDate "2008.11.26"]
[SourceQuality "1"]

1. d4 Nf6 2. c4 c5 3. d5 e6 4. Nc3 exd5 5. cxd5 d6 6. e4 g6 7. f4 Bg7 8. Nf3 O-O 9. Be2 Re8 10. e5 Ng4 11. h3 Nh6 12. O-O Nf5 13. Ne4 dxe5 14. fxe5 Qb6 15. g4 Bxe5 16. gxf5 c4+ 17. Nf2 Bxf5 18. Nxe5 Rxe5 19. Bg4 Be4 20. Qa4 Na6 21. Bf4 Rxd5 22. Qxc4 Rd4 23. Qc3 Rd5 24. Be3 Qd6 25. Nxe4 1-0

[Event "Montcalm II 2001-02"]
[Site "Quebec CAN"]
[Date "2001.11.01"]
[Round "3"]
[White "Boudreau, Daniel"]
[Black "Papineau (Granby), Daniel"]
[Result "1-0"]
[WhiteElo "2046"]
[BlackElo "1886"]
[PlyCount "69"]
[GameId "2160767911485053"]
[EventDate "2001.10.18"]
[EventType "tourn"]
[EventRounds "5"]
[EventCountry "CAN"]

1. e4 d5 2. exd5 Nf6 3. Bb5+ Bd7 4. Be2 Nxd5 5. d4 g6 6. Nf3 Bg7 7. O-O O-O 8. h3 c6 9. c4 Nf6 10. Nc3 Qc7 11. Be3 Rd8 12. Qd2 Be8 13. Bf4 Qc8 14. Qe3 e6 15. Rad1 Nbd7 16. c5 Nd5 17. Nxd5 exd5 18. Rfe1 f6 19. Nh2 Bf7 20. Ng4 Re8 21. Qg3 g5 22. Bd6 h5 23. Ne3 Nf8 24. Bd3 Ne6 25. Nf5 Qd8 26. f4 Kh8 27. fxg5 fxg5 28. Rf1 Bg8 29. Be5 Bh7 30. Nd6 Qe7 31. Rf7 Qd8 32. Rxg7 Nxg7 33. Nf7+ Kg8 34. Nxd8 Raxd8 35. Qxg5 1-0

[Event "Montcalm II 2001-02"]
[Site "Quebec CAN"]
[Date "2001.11.01"]
[Round "3"]
[White "Bourassa, Andre"]
[Black "Brisson, Christian"]
[Result "1/2-1/2"]
[WhiteElo "1584"]
[BlackElo "1404"]
[PlyCount "82"]
[GameId "2160767911485054"]
[EventDate "2001.10.18"]
[EventType "tourn"]
[EventRounds "5"]
[EventCountry "CAN"]

1. d4 e6 2. c4 c5 3. Nf3 cxd4 4. Nxd4 e5 5. Nc2 Nf6 6. Nc3 Bc5 7. b4 Bxf2+ 8. Kxf2 d5 9. cxd5 Qb6+ 10. e3 Ng4+ 11. Ke1 O-O 12. Be2 f5 13. Bxg4 fxg4 14. Rf1 Rd8 15. e4 Nc6 16. Be3 Qc7 17. Nb5 Qe7 18. Bc5 Qh4+ 19. Rf2 g3 20. hxg3 Qh1+ 21. Kd2 Qh6+ 22. Kc3 Be6 23. Qf3 Nd4 24. Ncxd4 exd4+ 25. Nxd4 Bd7 26. Raf1 g5 27. Qf7+ Kh8 28. Ne6 Rdc8 29. Qxd7 b6 30. Rf8+ Rxf8 31. Rxf8+ Rxf8 32. Bxf8 Qf6+ 33. Kd3 Qf1+ 34. Kc3 Qa1+ 35. Kb3 Qd1+ 36. Kc4 Qe2+ 37. Kd4 Qb2+ 38. Kc4 Qe2+ 39. Kb3 Qd3+ 40. Ka4 Qa6+ 41. Kb3 Qd3+ 1/2-1/2

[Event "Montcalm II 2001-02"]
[Site "Quebec CAN"]
[Date "2001.11.01"]
[Round "3"]
[White "Dion, Jean-Francois"]
[Black "Dorion, Francois"]
[Result "1-0"]
[WhiteElo "1719"]
[BlackElo "1648"]
[PlyCount "54"]
[GameId "2160767911485055"]
[EventDate "2001.10.18"]
[EventType "tourn"]
[EventRounds "5"]
[EventCountry "CAN"]
[SourceTitle "EXT 2009"]
[Source "ChessBase"]
[SourceDate "2008.11.26"]
[SourceVersion "1"]
[SourceVersionDate "2008.11.26"]
[SourceQuality "1"]

1. d4 Nf6 2. Nf3 c5 3. c3 cxd4 4. cxd4 d6 5. Bf4 g6 6. e3 Bg7 7. Bc4 O-O 8. O-O Nc6 9. Nc3 Bg4 10. h3 Bxf3 11. Qxf3 e5 12. Bg5 h6 13. Bh4 g5 14. Bg3 exd4 15. exd4 Nxd4 16. Qxb7 Rb8 17. Qxa7 Nh5 18. Rad1 Nf3+ 19. gxf3 Qc8 20. Bxd6 Qxh3 21. Bxf7+ Rxf7 22. Qxb8+ Kh7 23. Qb4 Nf4 24. Qe4+ Kg8 25. Bxf4 Rxf4 26. Rd8+ Kf7 27. Qe8+ Kf6 1-0

[Event "Montcalm II 2001-02"]
[Site "Quebec CAN"]
[Date "2001.11.01"]
[Round "3"]
[White "Marquis, Paul"]
[Black "Auger, Bertrand"]
[Result "1/2-1/2"]
[WhiteElo "1916"]
[BlackElo "2070"]
[PlyCount "48"]
[GameId "2160767911485056"]
[EventDate "2001.10.18"]
[EventType "tourn"]
[EventRounds "5"]
[EventCountry "CAN"]
[SourceTitle "EXT 2009"]
[Source "ChessBase"]
[SourceDate "2008.11.26"]
[SourceVersion "1"]
[SourceVersionDate "2008.11.26"]
[SourceQuality "1"]

1. e4 e6 2. d4 d5 3. Nc3 dxe4 4. Nxe4 Bd7 5. Nf3 Bc6 6. Bd3 Nd7 7. c3 Ngf6 8. Ng3 Be7 9. Qe2 O-O 10. O-O Bxf3 11. gxf3 c6 12. Kh1 Re8 13. Rg1 Qc7 14. f4 Bd6 15. Nh5 Nxh5 16. Qxh5 f5 17. Qg5 Nf8 18. Be2 Re7 19. Bh5 Kh8 20. c4 Qd7 21. Bd2 h6 22. Qg3 Nh7 23. Qg6 Nf6 24. Bf3 Qe8 1/2-1/2

[Event "Montcalm II 2001-02"]
[Site "Quebec CAN"]
[Date "2001.11.01"]
[Round "3"]
[White "Martineau, Michel"]
[Black "Robitaille, Denis"]
[Result "1/2-1/2"]
[WhiteElo "1884"]
[BlackElo "1794"]
[PlyCount "76"]
[GameId "2160767911485057"]
[EventDate "2001.10.18"]
[EventType "tourn"]
[EventRounds "5"]
[EventCountry "CAN"]
[SourceTitle "EXT 2009"]
[Source "ChessBase"]
[SourceDate "2008.11.26"]
[SourceVersion "1"]
[SourceVersionDate "2008.11.26"]
[SourceQuality "1"]

1. Nf3 c5 2. c4 Nc6 3. g3 g6 4. Bg2 Bg7 5. Nc3 d6 6. O-O Nf6 7. d4 cxd4 8. Nxd4 Bd7 9. Nc2 O-O 10. Rb1 Rb8 11. e4 Ne5 12. Qe2 Qc8 13. Ne3 Bg4 14. Nxg4 Qxg4 15. Qxg4 Nexg4 16. Nd5 Nxd5 17. cxd5 Ne5 18. Bg5 Rfe8 19. Rfc1 Nd3 20. Rc2 h6 21. Be3 Rbc8 22. Rd2 Ne5 23. b3 a6 24. f4 Ng4 25. Bb6 Bc3 26. Re2 Bb4 27. h3 Nf6 28. Kh2 Bc5 29. Bxc5 Rxc5 30. Rd1 Rd8 31. Red2 Rdc8 32. e5 Nh5 33. Bf3 Ng7 34. g4 Rc3 35. Kg3 Kf8 36. Re1 Rc2 37. Rde2 Rxe2 38. Rxe2 Rc3 1/2-1/2

[Event "Montcalm II 2001-02"]
[Site "Quebec CAN"]
[Date "2001.11.01"]
[Round "3"]
[White "Poliquin, Yvone"]
[Black "Sauve, Richard"]
[Result "1/2-1/2"]
[WhiteElo "1902"]
[BlackElo "1902"]
[PlyCount "94"]
[GameId "2160767911485058"]
[EventDate "2001.10.18"]
[EventType "tourn"]
[EventRounds "5"]
[EventCountry "CAN"]
[SourceTitle "EXT 2009"]
[Source "ChessBase"]
[SourceDate "2008.11.26"]
[SourceVersion "1"]
[SourceVersionDate "2008.11.26"]
[SourceQuality "1"]

1. e4 e6 2. d4 d5 3. e5 c5 4. c3 Qb6 5. Nf3 Nc6 6. Bd3 cxd4 7. cxd4 Bd7 8. O-O Nxd4 9. Ng5 Nc6 10. Re1 Bc5 11. Qf3 Nh6 12. Nc3 Bd4 13. Bf4 Nxe5 14. Bxe5 Bxe5 15. Nxd5 Qd6 16. Nc3 Bxc3 17. bxc3 Bc6 18. Qh5 O-O-O 19. Be4 Bxe4 20. Nxe4 Qc6 21. Qa5 a6 22. Rab1 Rd5 23. Qb4 Rhd8 24. c4 R5d7 25. Rec1 Qxe4 26. Qc5+ Qc6 27. Qa7 Qc7 28. c5 Ng4 29. g3 Ne5 30. c6 Nxc6 31. Qa8+ Qb8 32. Rxc6+ Rc7 33. Rxa6 Kd7 34. Rd1+ Ke7 35. Qxb8 Rxb8 36. Rb6 Rc6 37. Rb4 Rc2 38. a4 Ra2 39. Rc4 f5 40. Rc7+ Kf6 41. Rdd7 Rg8 42. f4 b6 43. Rf7+ Kg6 44. Rfe7 Re2 45. h3 h5 46. h4 Re4 47. Rb7 Kf6 1/2-1/2

[Event "Montcalm II 2001-02"]
[Site "Quebec CAN"]
[Date "2001.11.08"]
[Round "4"]
[White "Auger, Bertrand"]
[Black "Poliquin, Yvone"]
[Result "1-0"]
[WhiteElo "2070"]
[BlackElo "1902"]
[PlyCount "51"]
[GameId "2160767911485059"]
[EventDate "2001.10.18"]
[EventType "tourn"]
[EventRounds "5"]
[EventCountry "CAN"]
[SourceTitle "EXT 2009"]
[Source "ChessBase"]
[SourceDate "2008.11.26"]
[SourceVersion "1"]
[SourceVersionDate "2008.11.26"]
[SourceQuality "1"]

1. d4 e5 2. dxe5 Nc6 3. Nf3 Qe7 4. g3 Nxe5 5. Nxe5 Qxe5 6. Bg2 Nf6 7. O-O Bc5 8. Nc3 d6 9. Na4 O-O 10. Nxc5 Qxc5 11. e4 Bg4 12. Qd3 Qh5 13. Re1 Rad8 14. c4 Rfe8 15. Bd2 Nd7 16. f4 Nc5 17. Qf1 f6 18. f5 Nd7 19. h3 Ne5 20. hxg4 Nxg4 21. Bh3 Ne5 22. Kg2 g5 23. fxg6 hxg6 24. Qxf6 Rf8 25. Be6+ Kh7 26. Qe7+ 1-0